| 000 | 00999cam a2200217 4500 | ||
|---|---|---|---|
| 001 | WB@3612-388 | ||
| 008 | 041118n2004 000 0 eng u | ||
| 035 | _a(Sirsi) u128041 | ||
| 245 | _aRent regimes delayed | ||
| 260 | _c2004 | ||
| 490 |
_aInside Housing _v(21)45 12 November 2004, 3(1) |
||
| 520 | _aGovernment has shelved plans for council tenants' rents to rise to the levels charged by housing associations. It will delay changes until April 2006 instead of spring 2005. Two of the pain proposals in the review were that councils and associations should both use the formula currently used by associations and landlords would be able to charge more for larger homes. Reasons for the delay are fears that a piecemeal implementation of the changes would cause greater confusion. | ||
| 590 | _aWB | ||
| 590 | _aWB | ||
| 650 | _aRENT RESTRUCTURING | ||
| 650 | _aGOVERNMENT POLICY | ||
| 650 | _aHOUSING ASSOCIATIONS | ||
| 650 | _aSOCIAL HOUSING | ||
| 690 | _aHOUSING | ||
| 942 | _n0 | ||
| 999 |
_c118336 _d118336 |
||